Ak podniky majú poznať svoj ekologický dlh, musia viesť ekologické účtovníctvo

Stratégia environmentálnej politiky SR (1993). Nevyhnutnosť budovania informačného systému životného prostredia, úloha výrobných podnikov znečisťujúcich prostredie monitorovať svoju činnosť z tohto hľadiska. Ekologické účtovníctvo - v ekonomických ukazovateľoch integruje údaje o rôznych zložkách zne...

Descripción completa

Guardado en:
Detalles Bibliográficos
Autor principal: Fidrmuc, J.
Formato: Capítulo de libro
Lenguaje:eslovaco
Materias:
Etiquetas: Agregar Etiqueta
Sin Etiquetas, Sea el primero en etiquetar este registro!

MARC

LEADER 00000naa a2200000 4500
001 r024813
005 20221213114332.0
041 0 |a slo 
044 |a SK 
245 1 0 |a Ak podniky majú poznať svoj ekologický dlh, musia viesť ekologické účtovníctvo  |c J. Fidrmuc 
520 |a Stratégia environmentálnej politiky SR (1993). Nevyhnutnosť budovania informačného systému životného prostredia, úloha výrobných podnikov znečisťujúcich prostredie monitorovať svoju činnosť z tohto hľadiska. Ekologické účtovníctvo - v ekonomických ukazovateľoch integruje údaje o rôznych zložkách znečistenia a vyjadruje ich v nákladoch potrebných na jeho odstránenie. Aplikácia ekologického účtovníctva v Slovnafte, a.s. Bratislava od r.1994. 
610 2 0 |a ekológia 
610 2 0 |a stratégia podniková 
610 2 0 |a stratégia hospodárska 
610 2 0 |a Slovensko 
610 2 0 |a ochrana prostredia životného 
610 2 0 |a náklady 
610 2 0 |a účtovanie nákladov 
610 2 0 |a znečistenie ovzdušia 
610 2 0 |a systémy informačné 
610 2 0 |a legislatíva 
610 2 0 |a nástroje ekonomické 
610 2 0 |a účtovníctvo 
610 2 0 |a Slovensko 
610 2 0 |a Slovnaft, a.s. Bratislava 
100 1 |a Fidrmuc, J.